| 000 | 00726nam a22002537a 4500 | ||
|---|---|---|---|
| 001 | 91352 | ||
| 003 | UA-OsUOA | ||
| 005 | 20211005123748.0 | ||
| 007 | ta | ||
| 008 | 20121127b un ||||| |||| 00| 0 ukr d | ||
| 040 |
_aUA-OsUOA _bukr _cUA-OsUOA _dUA-OsUOA |
||
| 041 | _aukr | ||
| 080 | _a821.161.2 | ||
| 090 |
_a821.161.2 _bР49 |
||
| 100 | _aРибак Н. | ||
| 245 |
_aТвори в п'яти томах _nЧ. 2 |
||
| 260 |
_aК. _bДніпро _c1964 |
||
| 300 | _a690 с. | ||
| 505 |
_gТ. 4 _tПереяславська рада |
||
| 650 | 7 |
_a82 Література. Літературознавство _2UDC |
|
| 942 |
_cBK _2udc |
||
| 955 | _a3 | ||
| 999 |
_c377612 _d377612 |
||